[Event "84th Annual Southwest Open"]
[Site "Irving"]
[Date "2018.09.04"]
[Round "9"]
[White "Baryshpolets, Andrey"]
[Black "Drozdowski, Kacper"]
[Result "1-0"]
[WhiteElo "2609"]
[BlackElo "2489"]
[Annotator "TA"]
[PlyCount "137"]
[EventDate "2018.08.31"]
[EventType "swiss"]
[EventCountry "USA"]
[SourceTitle "playchess.com"]
[Source "ChessBase"]
[SourceQuality "1"]

{[%evp 27,137,60,67,62,90,81,86,77,104,89,83,25,29,22,32,23,44,43,86,86,87,88,89,89,89,85,87,90,110,106,110,107,105,107,113,112,144,130,141,140,180,160,291,298,298,300,321,304,304,304,412,412,408,408,375,252,341,0,240,233,485,414,707,639,464,0,0,0,0,0,110,110,110,110,110,110,685,651,635,621,5073,599,5057,0,592,0,4347,4147,4050,1784,1623,910,1153,929,6793,5220,29971,29972,29981,29982,29985,29986,29986,29969,29958,29961,29979,29980,29980,29981,29981,29980]} 1. d4 d6 2. Nf3 g6 3. c4 Bg7 4. g3 Nd7 5. Bg2 e5 6. Nc3 Ngf6 7. O-O O-O 8. e4 a5 9. h3 exd4 10. Nxd4 Nc5 {E68: King's Indian: Fianchetto: 6...Nbd7 7 0-0 e5 8 e4} 11. Re1 (11. Be3 Re8 12. Qc2 a4 13. Rad1 Bd7 14. Ndb5 Qc8 15. Kh2 h5 16. Bxc5 dxc5 17. f4 h4 18. gxh4 a3 19. b3 Nh5 {½-½ (112) Wang,H (2678)-Savchenko,B (2618) Subic Bay 2016}) 11... Nfd7 12. Be3 Re8 13. b3 Ne5 14. Re2 Bd7 {LiveBook: 4 Games} 15. Rb1 Qc8 16. Kh2 Nc6 17. Ndb5 Nb4 $146 ({Predecessor:} 17... Be6 18. Nd5 Na6 19. Qd2 Qd8 20. Bg5 f6 {½-½ (51) Kluger,G-Erdy,B Budapest 1955}) 18. a3 Bxb5 19. axb4 ({White should play} 19. Nxb5 $16 Nc6 20. Qc2) 19... Bxc3 $11 20. bxc5 Bc6 21. cxd6 cxd6 22. Qxd6 Bxe4 23. Bxe4 Rxe4 24. Qd3 $1 {[%csl LRc3,LRe4]} Qf5 25. Qxc3 Rxe3 26. Qxe3 Qxb1 $16 {[%mdl 4096] Endgame KQR-KQR} 27. Qf3 Rf8 28. Re7 ({Much worse is} 28. Qxb7 $6 a4 $11) 28... b6 29. Rb7 Qb2 30. Qe3 ({Reject} 30. Rxb6 $6 a4 $11) 30... Rd8 31. Kg2 Qd4 32. Rxb6 Qxe3 33. fxe3 {KR-KR} Rc8 34. g4 {[%cal Bg3g4,Bg4g5][%mdl 32]} a4 (34... Kf8 $16 35. Kf2 Ke7) 35. bxa4 $18 Rxc4 36. a5 Ra4 37. a6 Kg7 38. Kf3 h5 39. g5 h4 40. e4 {[%cal Be3e4,Be4e5][%mdl 32]} Kf8 41. Rb8+ Kg7 42. Rb6 Kf8 43. Kf4 {[#] Threatens to win with Ke5.} Ra5 $2 (43... Ke7 44. Kf3 Ra3+ 45. Kg4 Ra4) 44. e5 Ra4+ (44... Ke7 $142 45. Ke4 Kd7) 45. Ke3 Ke7 {intending ...Ra3+.} 46. Rb7+ $2 ({Better is} 46. Kd3 $18 Ra3+ 47. Kc4) 46... Ke6 $11 47. a7 {Kd3 is the strong threat.} Kxe5 48. Rxf7 {And now Re7+ would win.} Ra3+ {[#]} (48... Ke6 $1 $11 49. Rh7 Kd6) 49. Kd2 $1 $16 Ke6 50. Rc7 Kf5 51. Kc2 Kxg5 $2 {[%mdl 8192]} (51... Ke5 $16 52. Kb2 Ra6) 52. Kb2 Ra6 53. Rf7 Kh5 54. Rh7+ Kg5 55. Rf7 (55. Kb3 $142 Kf5 56. Kb4) 55... Kh5 $1 $18 56. Rh7+ (56. Kb3 $142 g5 57. Rc7) 56... Kg5 57. Kb3 Kf5 58. Kb4 (58. Kc4 $142 Ra1 59. Kb5) 58... g5 59. Kb5 Ra1 60. Rf7+ Ke5 61. Kb6 g4 62. hxg4 {White mates.} h3 63. Rf5+ Kd4 64. Ra5 Rb1+ 65. Rb5 Ra1 66. Rh5 Rb1+ 67. Ka6 h2 68. a8=Q Ra1+ 69. Kb7 {Precision: White = 84%, Black = 45%.} 1-0

[Event "84th Annual Southwest Open"]
[Site "Irving"]
[Date "2018.09.04"]
[Round "9"]
[White "Sadorra, Julio Catalino"]
[Black "Checa, Nicolas"]
[Result "1/2-1/2"]
[WhiteElo "2555"]
[BlackElo "2478"]
[Annotator "TA"]
[PlyCount "92"]
[EventDate "2018.08.31"]
[EventType "swiss"]
[EventCountry "USA"]
[SourceTitle "playchess.com"]
[Source "ChessBase"]
[SourceQuality "1"]

{[%evp 17,92,36,34,23,29,32,22,0,24,0,22,16,27,20,28,34,29,-14,29,27,37,18,31,12,23,21,0,-25,-26,-45,25,32,35,26,39,0,0,-34,-30,-33,-30,-33,-41,-53,-40,-42,-38,-57,-35,-42,-40,-52,-35,-154,-169,-158,-169,-154,-51,-53,0,0,0,0,0,0,0,0,0,0,0,0,0,0,0,0,0]} 1. Nf3 d5 2. g3 Nf6 3. Bg2 Bf5 4. c4 c6 5. Qb3 Qb6 6. d3 e6 {A11: English Opening: 1...c6} 7. Be3 (7. O-O Nbd7 8. Qxb6 axb6 9. cxd5 exd5 10. Nd4 Bg6 11. Nd2 Bc5 12. N2b3 O-O 13. Bd2 Rfe8 14. Rfe1 {0-1 (74) Maghsoodloo,P (2636)-Sargissian,G (2680) Abu Dhabi 2018}) 7... Qxb3 8. axb3 a6 9. Nh4 Bg6 {LiveBook: 3 Games} 10. Nxg6 hxg6 11. h3 Nbd7 12. d4 $146 ({Predecessor:} 12. O-O Be7 13. Nd2 O-O 14. Nf3 {1-0 (61) Sanal,V (2505)-Ozen,D (2397) Nakhchivan 2018}) 12... Be7 13. O-O O-O 14. Bg5 Rfd8 15. Nd2 Kf8 16. Rfd1 Ne8 17. Bf4 Bd6 18. Be3 Be7 19. f4 f5 20. g4 Nd6 21. g5 Ne4 22. Nxe4 dxe4 23. c5 b6 ({Better is} 23... a5 $1 $15) 24. b4 $1 $11 a5 25. bxa5 bxc5 26. Bf1 Rdb8 27. Rdc1 {[%cal Rd4c5]} Rxb2 28. dxc5 Rb5 29. a6 Nxc5 {Threatens to win with ...Nb3.} 30. Ra2 {Black should prevent a7.} Rxa6 31. Rxa6 Nxa6 32. Rxc6 Nb4 33. Rc8+ Kf7 34. Bd4 $1 Bd6 35. Rd8 {[#]} (35. e3 $15 Nd3 36. Rd8) 35... Bc5 $1 $17 ({Not} 35... Bxf4 36. e3 $14) 36. e3 {[#]} Ra5 $1 37. Rd7+ Kf8 (37... Ke8 $17 38. Bxc5 Rxc5) 38. Bc3 $1 $15 Ra3 ({Black should play} 38... Ra8 $1 $15 39. Bxg7+ Kg8) 39. Bxg7+ $11 {The position is equal.} Kg8 40. Bf6 $1 Bxe3+ 41. Kh1 $1 Nd3 {White must now prevent ...Ra7.} 42. Rd8+ Kf7 43. Rd7+ Kg8 {...Ra7 is the strong threat.} 44. Rd8+ Kf7 45. Rd7+ Kg8 {And now ...Ra7 would win.} 46. Rd8+ Kf7 {Precision: White = 48%, Black = 49%.} 1/2-1/2

[Event "84th Annual Southwest Open"]
[Site "Irving"]
[Date "2018.09.04"]
[Round "9"]
[White "Shtembuliak, Evgeny"]
[Black "Preotu, Razvan"]
[Result "0-1"]
[WhiteElo "2518"]
[BlackElo "2513"]
[Annotator "TA"]
[PlyCount "80"]
[EventDate "2018.08.31"]
[EventType "swiss"]
[EventCountry "USA"]
[SourceTitle "playchess.com"]
[Source "ChessBase"]
[SourceQuality "1"]

{[%evp 10,80,5,-14,-2,-25,0,-2,7,0,6,-4,1,0,25,15,15,12,21,0,0,0,46,36,61,0,0,0,0,0,28,0,0,0,0,0,0,-75,-71,-75,-66,-70,-67,-65,-65,-118,11,-35,0,-62,-83,-203,-260,-437,-425,-518,-511,-877,-889,-881,-865,-994,-1069,-1034,-1046,-1022,-970,-887,-866,-1100,-1035,-1511,-1358]} 1. b3 d5 2. Bb2 Nf6 3. e3 Bf5 4. f4 Nbd7 5. Nf3 e6 6. Nc3 {LiveBook: 4 Games. A03: Bird's Opening with 1...d5} (6. Be2 h6 7. O-O Bd6 8. d3 {½-½ (8) Markovic,M (2462)-Cuhendi,S (2404) Novi Sad 2017}) 6... h6 7. h3 $146 ({Predecessor:} 7. Be2 c6 8. O-O Be7 9. Kh1 Qb6 10. Rc1 O-O 11. Ne5 Nxe5 12. fxe5 Nd7 13. Qe1 f6 14. exf6 Bxf6 {1-0 (25) Sande Edreira,J (2342)-Ladron de Guevara,F (2084) Pamplona 2007}) 7... Ne4 8. g4 {The position is equal.} Bh7 9. d3 Ng3 10. Rg1 Nxf1 11. Rxf1 Be7 12. Qd2 Nc5 13. O-O-O a5 14. Qf2 a4 15. f5 axb3 16. axb3 Bf6 17. d4 (17. e4 $14 d4 18. Ne2) 17... Nd7 18. e4 O-O 19. Rg1 b5 {[%cal Bb7b5,Bb5b4][%mdl 32] aiming for ...b4.} 20. exd5 (20. e5 $5 {[%cal Re5f6]} b4 21. Ne2 $15) 20... b4 21. Ne4 $1 exd5 22. Nxf6+ Nxf6 23. Ne5 (23. Qe1 $11) 23... Ne4 24. Qe1 {[#]} Ra2 $1 25. Qxb4 Qa8 $1 {( -> ...Ra1+!)} 26. Kb1 Qa6 $1 {Hoping for ...Ra8.} 27. c4 {[#]} (27. Nd3 $15 Ra8 28. c4) 27... Nf2 ({Black should try} 27... Ra8 $1 $17 28. Nd3 dxc4 29. bxc4 Qa7) 28. Rd2 Nxh3 $40 {[%mdl 128] White needs to defend precisely.} 29. Rc1 ({White should play} 29. Re1 $11 Ra8 30. Kc2) 29... h5 $1 $15 {[%cal Bh6h5,Bh5g4,Bg4g3][%mdl 32] Threatens to win with ...hxg4.} 30. Nd7 (30. Re2 $17 Ra8 31. Qe7) 30... Ra8 $19 31. Nc5 $2 (31. Nb8 {was necessary.} Qc8 32. Nc6) 31... Qd6 {Black is clearly winning.} 32. Re1 hxg4 33. Re5 {[#]} (33. Re8+ $142 Rxe8 34. Kxa2) 33... Bxf5+ $1 {[%mdl 512]} 34. Rxf5 Qg6 35. Na4 R2xa4 36. bxa4 Qxf5+ 37. Ka2 g3 38. Qb3 dxc4 39. Qxc4 Qe4 40. Qf1 Nf4 {Precision: White = 45%, Black = 63%.} 0-1

[Event "84th Annual Southwest Open"]
[Site "Irving"]
[Date "2018.09.04"]
[Round "9"]
[White "Berczes, David"]
[Black "Wang, Justin"]
[Result "1/2-1/2"]
[WhiteElo "2501"]
[BlackElo "2391"]
[Annotator "TA"]
[PlyCount "57"]
[EventDate "2018.08.31"]
[EventType "swiss"]
[EventCountry "USA"]
[SourceTitle "playchess.com"]
[Source "ChessBase"]
[SourceQuality "1"]

{[%evp 16,57,35,18,39,26,34,24,63,22,26,11,35,40,39,35,31,31,29,29,42,39,75,33,46,-15,19,-13,-14,-35,-33,-24,-33,-27,-22,-28,-5,-27,-12,-42,-26,-66,-34,-58]} 1. Nf3 Nf6 2. c4 e6 3. g3 d5 4. Bg2 dxc4 5. O-O a6 6. Qc2 {A13: Reti-Eröffnung} Nbd7 7. a4 c5 8. a5 Be7 9. Qxc4 {LiveBook: 4 Partien} O-O 10. Qb3 Rb8 $146 ({Vorgänger:} 10... Qc7 11. d3 Rb8 12. Nc3 Re8 13. Bf4 e5 14. Bg5 h6 15. Bxf6 Nxf6 {1-0 (57) Duda,J (2724)-Krzywda,A (2174) Zgierz 2018}) 11. d3 Bd6 12. Ng5 Ne5 13. Nd2 b5 14. axb6 Rxb6 15. Qc2 Nc6 16. Bxc6 Rxc6 17. Nc4 e5 18. Ne4 Bc7 {[%cal Bd6c7,Bc7e5,Be5d4][%mdl 32]} 19. Nxf6+ Qxf6 20. f4 (20. Be3 $14) 20... Qe7 21. fxe5 Bxe5 22. Bf4 Bd4+ 23. e3 Bf6 {[#] Und ...g5 würde nun gewinnen.} 24. e4 Bd4+ 25. Be3 $1 Qd8 26. Rf2 Be6 27. Re1 h6 28. b3 Re8 29. Qd2 {Precision: Weiß = 42%, Schwarz = 52%.} 1/2-1/2

[Event "84th Annual Southwest Open"]
[Site "Irving"]
[Date "2018.09.03"]
[Round "9"]
[White "Reshef, Omer"]
[Black "Matsenko, Sergei"]
[Result "1/2-1/2"]
[WhiteElo "2497"]
[BlackElo "2533"]
[Annotator "TA"]
[PlyCount "39"]
[EventDate "2018.08.31"]
[EventType "swiss"]
[EventCountry "USA"]
[SourceTitle "playchess.com"]
[Source "ChessBase"]
[SourceQuality "1"]

{[%evp 24,39,14,0,21,29,82,25,22,28,18,18,17,15,18,19,16,11]} 1. e4 e6 2. d4 d5 3. exd5 exd5 4. Nf3 Nf6 5. Bd3 c5 6. dxc5 Bxc5 7. O-O O-O 8. Nc3 h6 9. h3 Nc6 10. Bf4 {C01: Französische Verteidigung (Abtauschvariante)} a6 11. Qd2 Re8 12. Rfe1 Be6 13. a3 {LiveBook: 4 Partien} d4 14. Ne4 Nxe4 (14... Bf8 $11 {hält das Gleichgewicht.}) 15. Bxe4 $146 (15. Rxe4 $16 Be7 16. Bg3) ({Vorgänger:} 15. Rxe4 Qf6 16. Rae1 Red8 17. Ne5 Bf5 {½-½ (60) Vojinovic,G (2460)-Nakhbayeva,G (2300) Paracin 2014}) 15... Bd5 $11 16. Bxd5 Qxd5 17. Rxe8+ {Die Stellung ist ausgeglichen.} Rxe8 18. Re1 Re4 19. Rxe4 Qxe4 20. Ne1 1/2-1/2

[Event "84th Annual Southwest Open"]
[Site "Irving"]
[Date "2018.09.03"]
[Round "9"]
[White "Patel, Advait"]
[Black "Raznikov, Danny"]
[Result "1/2-1/2"]
[WhiteElo "2475"]
[BlackElo "2498"]
[Annotator "TA"]
[PlyCount "43"]
[EventDate "2018.08.31"]
[EventType "swiss"]
[EventCountry "USA"]
[SourceTitle "playchess.com"]
[Source "ChessBase"]
[SourceQuality "1"]

{[%evp 24,43,20,16,15,15,15,15,15,18,18,18,20,19,22,18,41,38,41,41,55,27]} 1. e4 e5 2. Nf3 Nc6 3. Bb5 Nf6 4. O-O Nxe4 5. Re1 Nd6 6. Nxe5 Be7 7. Bf1 Nxe5 8. Rxe5 O-O 9. Nc3 {[%cal Bb1c3,Bc3d5,Bd5e3,Be3f5,Bf5e7][%mdl 32] C67: Ruy Lopez: Berlin Defence: 4 0-0 Nxe4} (9. d4 Bf6 10. Re1 Nf5 11. d5 Re8 12. Rxe8+ Qxe8 13. Qd3 d6 14. Nd2 Bg5 15. Nf3 Bxc1 16. Rxc1 Bd7 17. Re1 Qd8 18. Qc4 {1-0 (31) Carlsen,M (2843)-Aronian,L (2764) Stavanger 2018}) 9... Ne8 10. Nd5 Bd6 11. Re1 c6 12. Ne3 Bc7 13. Nf5 {LiveBook: 97 Games} d5 14. Ne7+ Kh8 {[#] Threatens to win with ...Be6.} 15. Nxc8 Rxc8 16. d3 {[#]} Qd7 $146 ({Predecessor:} 16... Nf6) 17. Qf3 Nd6 18. g3 Rce8 19. Bd2 Rxe1 20. Rxe1 {White is slightly better.} Re8 21. Rxe8+ Nxe8 22. c3 1/2-1/2

[Event "84th Annual Southwest Open"]
[Site "Irving"]
[Date "2018.09.03"]
[Round "9"]
[White "Nakar, Eylon"]
[Black "Popilski, Gil"]
[Result "1/2-1/2"]
[WhiteElo "2461"]
[BlackElo "2491"]
[Annotator "TA"]
[PlyCount "42"]
[EventDate "2018.08.31"]
[EventType "swiss"]
[EventCountry "USA"]
[SourceTitle "playchess.com"]
[Source "ChessBase"]
[SourceQuality "1"]

{[%evp 14,42,10,0,11,7,12,0,0,8,0,0,0,1,25,7,24,11,21,10,33,25,31,10,10,0,12,11,9,5,19]} 1. Nf3 c5 2. g3 Nc6 3. Bg2 g6 4. c4 Bg7 5. O-O Nf6 6. Nc3 d6 7. d3 O-O 8. Bg5 {LiveBook: 21 Games} Bf5 {A38: Symmetrical English vs ...g6: 4 Bg2 Bg7 5 Nf3 Nf6} (8... h6 9. Bxf6 Bxf6 10. Nd2 Bg7 {½-½ (10) Zelcic,R (2561)-Stevic,H (2615) Sibenik 2012}) 9. Qd2 Qd7 10. Bh6 Bh3 11. Bxg7 Kxg7 12. d4 Bxg2 13. Kxg2 cxd4 14. Nxd4 Nxd4 $146 ({Predecessor:} 14... Rfd8 15. e4 Rac8 16. b3 {1-0 (36) Adamko,P (2106)-Matejov,J (2109) Namestovo 2017}) 15. Qxd4 Qc6+ 16. e4 Rfc8 17. b3 Qc5 18. Qxc5 Rxc5 {The position is equal.} 19. Rad1 Rd8 20. Rd4 a6 21. a4 Rdc8 1/2-1/2

[Event "84th Annual Southwest Open"]
[Site "Irving"]
[Date "2018.09.04"]
[Round "9"]
[White "Javakhadze, Zurab"]
[Black "Ynojosa Aponte, Felix Jose"]
[Result "1-0"]
[WhiteElo "2438"]
[BlackElo "2370"]
[Annotator "TA"]
[PlyCount "81"]
[EventDate "2018.08.31"]
[EventType "swiss"]
[EventCountry "USA"]
[SourceTitle "playchess.com"]
[Source "ChessBase"]
[SourceQuality "1"]

{[%evp 10,81,8,15,15,13,45,35,81,77,75,44,70,82,65,21,10,21,20,-12,0,0,29,0,52,35,41,67,47,37,81,64,156,134,111,99,85,42,92,121,257,273,256,271,575,557,533,314,885,884,29973,29974,29975,29978,29978,29978,29978,29979,29979,1608,29980,29980,29987,29988,29988,29989,29989,29990,29994,29995,29995,29988,29998,29999]} 1. Nf3 c5 2. g3 Nc6 3. Bg2 e5 4. e4 Nf6 (4... g6 5. d3 Bg7 6. Be3 d6 7. c3 Nge7 8. O-O O-O 9. Na3 b6 10. Re1 h6 11. d4 exd4 12. cxd4 Bg4 13. Nc2 d5 14. exd5 Nxd5 15. dxc5 Bxb2 16. Bxh6 Nc3 17. Qxd8 Rfxd8 {1-0 (30) Vachier Lagrave,M (2758)-Perunovic,M (2622) Berlin 2015}) 5. Nc3 d6 6. d3 {LiveBook: 9 Games. B30: Sicilian: 2...Nc6 3 Bb5, lines without ...g6} h6 7. O-O g5 $146 ({Predecessor:} 7... g6 8. Nd2 Bg7 9. Nc4 O-O 10. Ne3 Nd4 11. f4 exf4 12. gxf4 {½-½ (29) Caceres Recalde,F (2159)-Diaz Hollemaert,N (2408) Mar del Plata 2012}) 8. Nd2 {White is slightly better.} Bg7 9. Nc4 Be6 10. Nd5 Bxd5 11. exd5 Ne7 12. f4 exf4 13. gxf4 g4 14. d4 {Black must now prevent dxc5.} cxd4 15. Qxd4 O-O 16. Qd3 (16. f5 $5 {[%cal Rc1h6]}) 16... b5 (16... Ng6 $11) 17. Ne3 $14 Qb6 18. Kh1 h5 19. Bd2 Nd7 20. Nf5 Rae8 (20... Nxf5 $14 21. Qxf5 Qd8) 21. Nxg7 $16 Kxg7 22. b4 Qc7 23. Bc3+ Kg8 24. f5 Qc4 {[#]} (24... f6 $16) 25. Qd2 $1 $18 f6 {[#]} 26. Rae1 $1 Ne5 $2 (26... Nc8 27. Rxe8 Rxe8) 27. Bxe5 dxe5 28. d6 Rd8 $2 {[#]} (28... Kh7 29. c3 Qf7 30. dxe7 Qxe7) 29. Rxe5 $1 {[%mdl 512]} fxe5 30. Qg5+ Ng6 31. Qxg6+ Kh8 32. Qxh5+ Kg8 33. Qg6+ Kh8 34. Qh6+ Kg8 35. Rd1 {White mates.} e4 36. Qg6+ Kh8 37. Qh5+ Kg7 38. Qxg4+ Kf6 39. Qg6+ Ke5 40. d7 Rf6 41. Qg3+ {Precision: White = 75%, Black = 28%.} 1-0

[Event "84th Annual Southwest Open"]
[Site "Irving"]
[Date "2018.09.04"]
[Round "9"]
[White "Ostrovskiy, Aleksandr"]
[Black "Li, Ben"]
[Result "1/2-1/2"]
[WhiteElo "2425"]
[BlackElo "2324"]
[Annotator "TA"]
[PlyCount "40"]
[EventDate "2018.08.31"]
[EventType "swiss"]
[EventCountry "USA"]
[SourceTitle "playchess.com"]
[Source "ChessBase"]
[SourceQuality "1"]

{[%evp 17,40,4,8,0,86,29,26,18,20,17,17,13,26,-25,-8,-40,-41,-38,0,0,20,12,16,0,0]} 1. e3 d5 2. c4 e6 3. Nf3 Nf6 4. d4 c5 5. a3 dxc4 6. Bxc4 a6 7. O-O b5 8. Be2 {D27: Queen's Gambit Accepted: Classical main line: 7 e4!? and 7 a4} (8. Bd3 cxd4 9. exd4 Bb7 10. Nc3 Be7 11. Bg5 Nbd7 {½-½ (11) Istratescu,A (2604)-Zubov,A (2614) Arad 2017}) 8... Bb7 9. a4 b4 {LiveBook: 19 Games} 10. b3 a5 $146 (10... Nbd7 $11) ({Predecessor:} 10... Nc6 11. dxc5 Bxc5 {0-1 (24) Andre,R (1325)-Krishnamurthy,P (1299) IECG email 2006}) 11. Bb2 (11. Bb5+ $16 Nbd7 12. Bb2) 11... Nbd7 12. Nbd2 Be7 13. Rc1 O-O 14. Nc4 cxd4 15. exd4 ({Better is} 15. Nxd4 Bd5 16. Bf3) 15... Nd5 16. Nfe5 Bg5 17. Rc2 Qe7 18. Bf3 {The position is equal.} Ra7 19. Re1 Rd8 20. g3 Nxe5 {Precision: White = 31%, Black = 44%.} 1/2-1/2

[Event "84th Annual Southwest Open"]
[Site "Irving"]
[Date "2018.09.04"]
[Round "9"]
[White "Stefanov, Emil"]
[Black "Guo, Arthur"]
[Result "0-1"]
[WhiteElo "2407"]
[BlackElo "2283"]
[Annotator "TA"]
[PlyCount "114"]
[EventDate "2018.08.31"]
[EventType "swiss"]
[EventCountry "USA"]
[SourceTitle "playchess.com"]
[Source "ChessBase"]
[SourceQuality "1"]

{[%evp 24,114,6,3,2,0,0,0,0,0,0,0,0,0,0,-14,0,0,0,0,10,14,13,-31,-55,-57,-57,-47,-54,-98,-45,-37,-41,-49,-34,-83,-82,-74,-29,-70,-76,-91,-99,-101,-90,-97,-30,-85,-81,-477,-489,-481,-466,-513,-381,-522,-515,-716,-683,-618,-467,-1184,-497,-492,-445,-743,-744,-735,-719,-701,-656,-622,-611,-1629,-1388,-1466,-1466,-1108,-922,-29963,-29968,-29974,-29975,-29974,-29976,-29974,-29977,-29977,-29978,-29978,-29979,-29979,-29980]} 1. d4 Nf6 2. c4 e6 3. Nf3 b6 4. g3 Bb7 5. Bg2 Be7 6. O-O O-O 7. Nc3 Ne4 8. Bd2 Bf6 9. Ne5 {E18: Damenindisch (Hauptfortsetzung)} Nxc3 10. Bxc3 Bxg2 11. Kxg2 c5 12. dxc5 (12. Nf3 cxd4 13. Bxd4 Na6 14. Bxf6 Qxf6 15. Qd4 Qxd4 16. Nxd4 Rfc8 17. b3 {½-½ (17) Aronian,L (2801)-Tomashevsky,E (2702) Palma de Mallorca 2017}) 12... bxc5 13. Qd6 {LiveBook: 26 Partien} a5 14. Rfd1 Be7 $1 {[%cal Re7d6]} 15. Qd3 {[%cal Re5d7]} d6 16. Qf3 Ra6 17. Nd3 $146 {zielt auf Sxc5 ab.} Nd7 18. e4 Qc7 19. Rd2 Bf6 (19... Nb6 {feels hotter.} 20. Rc2 Na4 21. Rb1 Rb8 22. Bd2 Nb6) 20. Bxf6 Nxf6 21. Rad1 Rb6 22. b3 a4 23. Nc1 axb3 24. axb3 h6 25. Qf4 {[%cal Rd2d6]} e5 26. Qf5 Ra8 (26... Qb7 $17 27. f3 Qe7) 27. Ne2 $15 Qe7 28. Rd3 Ra3 29. Nc1 Ra1 30. Qf3 Kh7 31. Qe2 Qb7 32. f3 Ne8 33. Qc2 Qa8 34. R1d2 Qa3 (34... Raa6 $17) 35. Ne2 (35. Na2 $11) 35... Nc7 $17 36. Rxd6 $2 {[%mdl 8192] [#]} (36. Nc3 $17 {leistet mehr Widerstand.}) 36... Rxd6 $19 37. Rxd6 Ra2 38. Qd3 Qb2 39. Kf1 Ne6 40. Rxe6 fxe6 {[%mdl 4096] Endspiel KDT-KDS} 41. f4 Ra3 42. Qc3 (42. Kf2 $142) 42... Qxb3 (42... Qb1+ $142 43. Kg2 Qa2) 43. Qxb3 Rxb3 44. fxe5 {KT-KS} (44. Kf2 $142) 44... g5 45. Kf2 Rb4 46. Ke3 Rxc4 47. Kd3 Rb4 48. h4 Kg6 49. hxg5 hxg5 50. g4 Rb2 51. Ke3 Kf7 {Schwarz setzt Matt.} 52. Nc1 Ke7 53. Nd3 Rb3 54. Kd2 {[#]} Rxd3+ $1 {[%mdl 512]} 55. Kxd3 Kd7 56. Kc3 Kc6 57. Kc4 Kb6 {Precision: Weiß = 41%, Schwarz = 74%.} 0-1

[Event "84th Annual Southwest Open"]
[Site "Irving"]
[Date "2018.09.04"]
[Round "9"]
[White "Wheeler, Cameron"]
[Black "Arribas Lopez, Angel"]
[Result "1-0"]
[WhiteElo "2406"]
[BlackElo "2460"]
[Annotator "TA"]
[PlyCount "91"]
[EventDate "2018.08.31"]
[EventType "swiss"]
[EventCountry "USA"]
[SourceTitle "playchess.com"]
[Source "ChessBase"]
[SourceQuality "1"]

{[%evp 23,91,32,62,68,77,82,90,68,111,153,135,102,90,63,116,114,183,174,214,246,218,231,233,246,225,239,222,211,218,228,204,128,141,75,102,123,118,131,271,252,334,312,310,310,304,287,275,285,333,345,381,375,414,407,387,412,408,399,809,771,653,636,777,608,577,550,5289,4831,1639,1439]} 1. d4 Nf6 2. c4 g6 3. Nc3 Bg7 4. g3 O-O 5. Bg2 d6 6. Nf3 c6 7. O-O Qb6 8. h3 Qa6 9. b3 b5 10. Nd2 Bb7 {E62: King's Indian: Fianchetto: 6...c6 and Panno Variation (6...Nc6) without ...a6} 11. Bb2 Nbd7 12. e4 e5 {LiveBook: 3 Games. White is slightly better.} 13. cxb5 cxb5 14. a4 $1 b4 $146 ({Predecessor:} 14... bxa4 15. Nxa4 Qb5 16. Nc4 Ba6 17. Nxd6 Qb4 18. dxe5 Bxf1 {1-0 (26) Romanishin,O (2559)-Zozulia,A (2309) Korinthos 2002}) 15. Na2 Qb6 16. Nc4 Qc7 17. dxe5 dxe5 18. Rc1 {aiming for Nxe5.} Bh6 (18... Rfd8 $14) 19. Rc2 $1 $16 {Hoping for Nxe5.} (19. Nxb4 $6 Bxc1 20. Qxc1 Bxe4 $15) 19... Qb8 (19... Rac8 $16) 20. Nxb4 $18 Bxe4 21. Bxe4 Nxe4 22. Qxd7 Qxb4 23. Qc6 $1 {[%cal Rc6e4]} ({Much less strong is} 23. Nxe5 Bg7) (23. Bxe5 Qxb3 24. Qd1 Rfe8 $15) (23. Qd5 $6 Ng5) 23... Ng5 24. Bxe5 {And now Qf6 would win.} Qe7 {[#]} 25. f4 $1 {[%cal Rf4g5]} Rfc8 26. Qg2 Ne6 27. Ne3 {[%cal Bc4e3,Be3d5,Bd5f6][%mdl 32] Black must now prevent Nd5.} Bg7 28. Rfc1 (28. Bxg7 $142 Kxg7 29. f5) 28... Rd8 29. Nd5 $36 {[%mdl 2048] White is in control.} Qa3 {[#]} 30. Nf6+ $1 Kh8 (30... Bxf6 $16 {keeps fighting.} 31. Bxf6 Re8) 31. Qb7 Rf8 32. Ra1 Rab8 33. Qxb8 ({Less strong is} 33. Rxa3 Rxb7 34. Rc4 a5 $16) ({Not} 33. Qxa7 Qxb3 34. Qf2 Rbd8 $16) 33... Qxa1+ 34. Bxa1 {Rc8 would kill now.} Rxb8 35. Be5 Rd8 36. b4 h5 37. h4 Rd1+ 38. Kf2 Bxf6 39. Bxf6+ {[%mdl 4096] Endgame KRB-KRN} Kh7 40. Rc8 {[%csl Gf6][%cal Rc8h8]} Ng7 $2 (40... g5 41. f5 Ng7) 41. Rf8 {White is clearly winning.} Rd7 42. Kf3 g5 43. hxg5 Nf5 44. g4 Nh4+ 45. Ke4 {Threatening mate with Rh8+.} Ng6 46. Rc8 {Precision: White = 80%, Black = 25%.} 1-0